Chemistry - atomic structure & the periodic table - Statistics

General Stats
  • This quiz has been taken 111 times
    108 since last reset
  • The average score is 6 of 21
Answer Stats
Hint Answer % Correct
Where are protons located? Nucleus
96%
Where are Neutrons located? Nucleus
82%
What is the charge of protons? +1
68%
What is the charge if neutrons? 0
66%
Are compounds chemically bonded together? yes
61%
What is the charge of electrons? -1
57%
What is different in isotopes? Neutrons
48%
What is the RAM of protons? 1
42%
What is the RAM of neutrons? 1
40%
On the periodic table what is the top number? Atomic Mass
26%
On the periodic table what is the bottom number? Atomic Number
26%
Name a separating technique filtration
9%
Why were there gaps on Mendeleev;s table? undiscovered elements
8%
What is a property of a chemical reaction? Temperature changecolor change gas given off precipate
4%
Name another chromotography
1%
name another crystalisation
1%
What is the RAM of electrons small
1%
name another complex disstilation
0%
Where are electrons located? Electron Belts
0%
How were elements ordered on Mendeleev's table? Relative atomic weight
0%
name another simple disstilation
0%
No matching quizzes found
Score Distribution
Percent of People with Each Score
Percentile by Number Answered
Your Score History
You have not taken this quiz since the last reset